[Event "Erfurt MT op 27th"]
[Site "Erfurt"]
[Date "2017.12.27"]
[Round "2"]
[White "Sobolevsky, Leonid"]
[Black "Stein, Marco"]
[Result "1-0"]
[WhiteElo "2182"]
[BlackElo "2094"]
[PlyCount "57"]
[EventDate "2017.12.26"]
[EventType "swiss"]
[EventRounds "8"]
[EventCountry "GER"]
[SourceTitle "CBM 182 Extra"]
[Source "ChessBase"]
[SourceDate "2018.02.23"]
[SourceVersion "1"]
[SourceVersionDate "2018.02.23"]
[SourceQuality "1"]

1. e4 c5 2. Nf3 d6 3. d4 cxd4 4. Nxd4 Nf6 5. Nc3 g6 6. Be3 Bg7 7. f3 0-0 8. Qd2 Nc6 9. g4 Nd7 10. 0-0-0 Nxd4 11. Bxd4 Bxd4 12. Qxd4 Ne5 13. Be2 Qa5 14. h4 Be6 15. a3 b5 16. h5 Nc6 17. Qe3 b4 18. axb4 Nxb4 19. Kd2 gxh5 20. f4 d5 21. Ra1 Qc7 22. f5 f6 23. Kc1 d4 24. Qxd4 Nc6 25. Qc5 Qf4+ 26. Kb1 Bd7 27. Qd5+ Kh8 28. Qxd7 Rfc8 29. Ba6 1-0

[Event "Regionalliga Sued-West 1718"]
[Site "Bayern"]
[Date "2017.12.10"]
[Round "4.2"]
[White "Stein, Marco"]
[Black "Brozio, Jason"]
[Result "1/2-1/2"]
[WhiteElo "1995"]
[BlackElo "2030"]
[PlyCount "45"]
[EventDate "2017.10.22"]
[EventType "team-tourn"]
[EventRounds "9"]
[EventCountry "GER"]
[SourceTitle "EXT 2022"]
[Source "ChessBase"]
[SourceDate "2021.10.06"]
[SourceVersion "1"]
[SourceVersionDate "2021.10.06"]
[SourceQuality "1"]
[WhiteTeam "Marktoberdorf"]
[BlackTeam "Garching III"]
[WhiteTeamCountry "GER"]
[BlackTeamCountry "GER"]

1. d4 Nf6 2. c4 e6 3. g3 c5 4. d5 exd5 5. cxd5 d6 6. Bg2 g6 7. Nc3 Bg7 8. Nf3 0-0 9. 0-0 Re8 10. Nd2 Na6 11. Nc4 Nc7 12. Bf4 Bf8 13. a4 b6 14. Re1 Ba6 15. Na3 Ng4 16. e4 Ne5 17. Bxe5 Rxe5 18. f4 Re8 19. e5 Rb8 20. Nab5 Nxb5 21. axb5 Bb7 22. Rxa7 Bg7 23. e6 1/2-1/2

[Event "Regionalliga Sued-West 1718"]
[Site "Bayern"]
[Date "2017.11.26"]
[Round "3.3"]
[White "Stein, Marco"]
[Black "Erler, Mark"]
[Result "1-0"]
[WhiteElo "1995"]
[BlackElo "2035"]
[PlyCount "87"]
[EventDate "2017.10.22"]
[EventType "team-tourn"]
[EventRounds "9"]
[EventCountry "GER"]
[SourceTitle "EXT 2022"]
[Source "ChessBase"]
[SourceDate "2021.10.06"]
[SourceVersion "1"]
[SourceVersionDate "2021.10.06"]
[SourceQuality "1"]
[WhiteTeam "Marktoberdorf"]
[BlackTeam "Tuerkheim/Bad Woerishofen"]
[WhiteTeamCountry "GER"]
[BlackTeamCountry "GER"]

1. d4 Nf6 2. c4 g6 3. f3 Bg7 4. e4 d6 5. Nc3 0-0 6. Be3 Nc6 7. Qd2 a6 8. h4 h5 9. Nge2 Bd7 10. Nd5 Nxd5 11. exd5 Nb8 12. Bh6 c6 13. Bxg7 Kxg7 14. Nf4 Rh8 15. g4 hxg4 16. h5 cxd5 17. h6+ Kh7 18. Nxd5 gxf3 19. 0-0-0 Bf5 20. Bd3 Bxd3 21. Qxd3 Nd7 22. Qxf3 Rf8 23. Rde1 e6 24. Nc3 Rc8 25. Qe2 Qc7 26. c5 d5 27. Qg4 b6 28. Rhg1 Rg8 29. Qf3 Rcf8 30. Nxd5 exd5 31. Re7 Ne5 32. Rxe5 bxc5 33. Qf6 cxd4+ 34. Kb1 Rc8 35. a3 Qc2+ 36. Ka1 Rc7 37. Rf1 Rb7 38. Rf2 Qd1+ 39. Ka2 Qb3+ 40. Ka1 Rc7 41. Rf1 Qb7 42. Re8 Rc8 43. Re7 Rc7 44. Qxf7+ 1-0

[Event "Zirndorf Cup"]
[Site "Zirndorf"]
[Date "2017.09.03"]
[Round "7"]
[White "Pedersen, Martin Rosenkilde"]
[Black "Stein, Marco"]
[Result "1/2-1/2"]
[WhiteElo "2132"]
[BlackElo "2087"]
[PlyCount "35"]
[EventDate "2017.08.30"]
[EventType "swiss"]
[EventRounds "7"]
[EventCountry "GER"]
[SourceTitle "CBM 180 Extra"]
[Source "ChessBase"]
[SourceDate "2017.10.06"]
[SourceVersion "1"]
[SourceVersionDate "2017.10.06"]
[SourceQuality "1"]

1. e4 c5 2. c3 Nf6 3. e5 Nd5 4. Nf3 d6 5. Bc4 Nb6 6. Bb3 Nc6 7. exd6 Qxd6 8. 0-0 c4 9. Bc2 Bg4 10. h3 Bh5 11. Qe2 Bg6 12. Be4 e6 13. b3 Bxe4 14. Qxe4 Qd5 15. Re1 Qxe4 16. Rxe4 cxb3 17. axb3 Be7 18. d4 1/2-1/2

[Event "Bad Zwesten op 17th"]
[Site "Bad Zwesten"]
[Date "2017.01.03"]
[Round "3"]
[White "Stein, Marco"]
[Black "Schulz, Karsten"]
[Result "0-1"]
[WhiteElo "2112"]
[BlackElo "2323"]
[PlyCount "118"]
[EventDate "2017.01.02"]
[EventType "swiss"]
[EventRounds "7"]
[EventCountry "GER"]
[SourceTitle "CBM 176 Extra"]
[Source "ChessBase"]
[SourceDate "2017.03.02"]
[SourceVersion "1"]
[SourceVersionDate "2017.03.02"]
[SourceQuality "1"]

1. e4 g6 2. d4 Bg7 3. Nc3 d6 4. Be3 a6 5. Qd2 b5 6. 0-0-0 Nd7 7. h4 Ngf6 8. f3 Bb7 9. Bh6 Bxh6 10. Qxh6 e5 11. d5 Qe7 12. g4 Nb6 13. Nh3 c5 14. dxc6 Bxc6 15. Qe3 Qc7 16. g5 Nh5 17. f4 0-0-0 18. Be2 Nxf4 19. Nxf4 exf4 20. Qxf4 d5 21. Qxc7+ Kxc7 22. exd5 Nxd5 23. Nxd5+ Bxd5 24. Rhf1 h6 25. a4 bxa4 26. Bf3 Be6 27. Rxd8 Rxd8 28. Rg1 hxg5 29. hxg5 Rd4 30. Be2 a5 31. Bd3 Kd6 32. Kd2 Rh4 33. c3 Rh2+ 34. Kc1 Bb3 35. c4 Rf2 36. Re1 Kc5 37. Re4 Rg2 38. Rf4 Rxg5 39. Rxf7 Kd4 40. Bf1 Rf5 41. Rxf5 gxf5 42. Bh3 f4 43. Bg4 Bxc4 44. Kd2 Bb5 45. Bf3 Kc4 46. Kc2 Kb4 47. Be4 Be2 48. Kb1 a3 49. bxa3+ Kxa3 50. Ka1 Kb3 51. Bc6 Bc4 52. Bf3 Kc3 53. Bc6 Kd4 54. Bf3 Ke3 55. Bc6 Bd3 56. Bd5 Be4 57. Bc4 f3 58. Bf1 Bd3 59. Bh3 Kf4 0-1

[Event "Bad Woerishofen op 31st"]
[Site "Bad Woerishofen"]
[Date "2015.03.07"]
[Round "9"]
[White "Chkhaidze, Nikoloz"]
[Black "Stein, Marco"]
[Result "1-0"]
[WhiteElo "2212"]
[BlackElo "2102"]
[PlyCount "75"]
[EventDate "2015.02.27"]
[EventType "swiss"]
[EventRounds "9"]
[EventCountry "GER"]
[SourceTitle "CBM 165 Extra"]
[Source "ChessBase"]
[SourceDate "2015.04.21"]
[SourceVersion "1"]
[SourceVersionDate "2015.04.21"]
[SourceQuality "1"]

1. Nf3 c5 2. c4 Nc6 3. Nc3 g6 4. e3 Nf6 5. d4 cxd4 6. exd4 d5 7. cxd5 Nxd5 8. Qb3 e6 9. Bg5 Be7 10. h4 h6 11. Bd2 a6 12. Rc1 Bf6 13. Ne4 Bg7 14. Qa3 Bf8 15. Qa4 Nb6 16. Qb3 Bg7 17. Rxc6 bxc6 18. Bb4 Qd5 19. Nd6+ Kd7 20. Nxf7 Qxb3 21. axb3 Rg8 22. N7e5+ Kc7 23. Ba5 Kb7 24. Bd3 Nd7 25. Nxg6 Nf6 26. 0-0 Bd7 27. Nfe5 Rae8 28. Rc1 Bf8 29. Bd2 Bg7 30. Nxd7 Nxd7 31. Be4 Nb8 32. Ne5 Rc8 33. Nf7 Kb6 34. Be3 Ka5 35. Rc5+ Kb4 36. Bc2 Bxd4 37. Bxd4 Rg4 38. Rc4+ 1-0

[Event "Bad Woerishofen op 29th"]
[Site "Bad Woerishofen"]
[Date "2013.03.06"]
[Round "6"]
[White "Stein, Marco"]
[Black "Gerhards, Walter"]
[Result "1-0"]
[WhiteElo "2147"]
[BlackElo "1953"]
[PlyCount "67"]
[EventDate "2013.03.01"]
[EventType "swiss"]
[EventRounds "9"]
[EventCountry "GER"]
[SourceTitle "CBM 153 Extra"]
[Source "ChessBase"]
[SourceDate "2013.04.22"]
[SourceVersion "1"]
[SourceVersionDate "2013.04.22"]
[SourceQuality "1"]

1. d4 d5 2. c4 e6 3. Nc3 Nf6 4. Bg5 Be7 5. Nf3 0-0 6. e3 Nbd7 7. Rc1 c5 8. cxd5 Nxd5 9. Bxe7 Qxe7 10. Nxd5 exd5 11. dxc5 Nxc5 12. Qxd5 Ne4 13. Qb3 Bg4 14. h3 Bh5 15. g4 Bg6 16. Be2 Rad8 17. 0-0 h5 18. Qa3 Qf6 19. Nd4 Qh4 20. Kg2 Kh7 21. Nf3 Qf6 22. Qa5 hxg4 23. hxg4 Qxb2 24. Bc4 Nd2 25. Nxd2 Rxd2 26. Rcd1 Be4+ 27. Kg3 Qf6 28. Qh5+ Kg8 29. Rxd2 Qf3+ 30. Kh4 g6 31. Qe5 Kh7 32. Be2 Qg2 33. Qg3 g5+ 34. Kxg5 1-0

[Event "Nuremberg LGA Cup 9th"]
[Site "Nuremberg"]
[Date "2012.09.07"]
[Round "2"]
[White "Stein, Marco"]
[Black "Ortpaul, Mario"]
[Result "1/2-1/2"]
[WhiteElo "2149"]
[BlackElo "1947"]
[PlyCount "124"]
[EventDate "2012.09.06"]
[EventType "swiss"]
[EventRounds "7"]
[EventCountry "GER"]
[SourceTitle "CBM 150 Extra"]
[Source "ChessBase"]
[SourceDate "2012.10.19"]
[SourceVersion "1"]
[SourceVersionDate "2012.10.19"]
[SourceQuality "1"]

1. d4 Nf6 2. c4 e5 3. dxe5 Ng4 4. Bf4 Nc6 5. Nf3 Bb4+ 6. Nbd2 Qe7 7. e3 Ngxe5 8. Nxe5 Nxe5 9. Be2 d6 10. 0-0 a5 11. Nb3 a4 12. a3 Bc5 13. Nxc5 dxc5 14. Qd5 Nc6 15. Rad1 Be6 16. Qe4 Na5 17. Qc2 b5 18. Qe4 Rb8 19. cxb5 Bb3 20. Qxe7+ Kxe7 21. Rc1 c4 22. Bxc7 Rxb5 23. Bxa5 Rxa5 24. Bxc4 Rb8 25. g3 Bxc4 26. Rxc4 Rxb2 27. Ra1 Rf5 28. Rf1 Ra5 29. Rfc1 Rb3 30. R1c3 Rab5 31. Re4+ Kd6 32. Rcc4 Rxa3 33. Rxa4 Rxa4 34. Rxa4 h5 35. h4 g6 36. Kg2 Ke6 37. Kf3 Rf5+ 38. Ke2 Rb5 39. Rd4 Rb2+ 40. Rd2 Rb4 41. Kd3 Kf5 42. Rc2 Rb3+ 43. Ke2 Ke5 44. Rc7 Ke6 45. Kf3 Kf6 46. Kf4 Rb5 47. e4 Ke6 48. Rc6+ Ke7 49. Rc3 Ke6 50. Ke3 Rb1 51. Rc6+ Ke7 52. f4 Rb3+ 53. Kd4 Rxg3 54. Ke5 Rg4 55. Rc7+ Kf8 56. f5 gxf5 57. Kf6 Rxe4 58. Rc8+ Re8 59. Rxe8+ Kxe8 60. Kxf5 Ke7 61. Kg5 Ke6 62. Kxh5 f5 1/2-1/2

[Event "Nuremberg LGA Cup 8th"]
[Site "Nuremberg"]
[Date "2011.09.10"]
[Round "5"]
[White "Woerl, Richard"]
[Black "Stein, Marco"]
[Result "1/2-1/2"]
[WhiteElo "2034"]
[BlackElo "2161"]
[PlyCount "167"]
[EventDate "2011.09.08"]
[EventType "swiss"]
[EventRounds "7"]
[EventCountry "GER"]
[SourceTitle "CBM 144 Extra"]
[Source "ChessBase"]
[SourceDate "2011.10.28"]
[SourceVersion "1"]
[SourceVersionDate "2011.10.28"]
[SourceQuality "1"]

1. e4 c5 2. c3 d6 3. f4 Nf6 4. d3 Nc6 5. Nf3 g6 6. Be2 Bg7 7. 0-0 0-0 8. Na3 a6 9. Nc2 d5 10. e5 Ng4 11. h3 Nh6 12. Qe1 f6 13. d4 cxd4 14. cxd4 Bf5 15. Ne3 Be4 16. Bd2 Qb6 17. Bc3 fxe5 18. fxe5 Nxe5 19. Qh4 Nxf3+ 20. gxf3 Nf5 21. Nxf5 Bxf5 22. Kg2 Bf6 23. Qf2 Qe6 24. Rh1 Bg5 25. Rae1 Qf6 26. h4 Bf4 27. Bd1 g5 28. h5 Bd6 29. Qd2 Kh8 30. Bb3 e6 31. Re5 g4 32. f4 Bxe5 33. dxe5 Be4+ 34. Kg3 Qf5 35. Rh4 Rg8 36. h6 Rad8 37. Bb4 Rd7 38. Ba4 b5 39. Bd1 Bf3 40. Bc2 Be4 41. Bd1 Qf7 42. Qd4 Rc7 43. Bc5 Qe8 44. b4 Qc8 45. Rh5 a5 46. a3 axb4 47. axb4 Qa8 48. Qb2 Qe8 49. Rh4 Rc8 50. Be2 Ra8 51. Bd1 Qc8 52. Be7 Rg6 53. Bf6+ Kg8 54. Rxg4 Qc4 55. Rxg6+ Bxg6 56. Bg4 Kf7 57. Qh2 Ra3+ 58. Kh4 Qe4 59. Kg5 Qxb4 60. Qf2 Ra6 61. Bxe6+ Rxe6 62. f5 Bxf5 63. Qxf5 Qd2+ 64. Kh5 Qe2+ 65. Kg5 Qg2+ 66. Kh5 Qe2+ 67. Kg5 Qg2+ 68. Kh5 Qg6+ 69. Qxg6+ hxg6+ 70. Kg5 Re8 71. h7 Ke6 72. Kf4 b4 73. Ke3 g5 74. h8Q Rxh8 75. Bxh8 b3 76. Kd3 g4 77. Bf6 g3 78. Bh4 g2 79. Bf2 Kxe5 80. Kc3 Ke4 81. Kxb3 d4 82. Kc2 d3+ 83. Kd2 Kf3 84. Bg1 1/2-1/2

[Event "Nuremberg LGA Cup 8th"]
[Site "Nuremberg"]
[Date "2011.09.09"]
[Round "2"]
[White "Stein, Marco"]
[Black "Luther, Helmut"]
[Result "1/2-1/2"]
[WhiteElo "2046"]
[BlackElo "1878"]
[PlyCount "64"]
[EventDate "2011.09.08"]
[EventType "swiss"]
[EventRounds "7"]
[EventCountry "GER"]
[SourceTitle "CBM 144 Extra"]
[Source "ChessBase"]
[SourceDate "2011.10.28"]
[SourceVersion "1"]
[SourceVersionDate "2011.10.28"]
[SourceQuality "1"]

1. d4 d5 2. c4 e6 3. Nf3 f5 4. Nc3 Nf6 5. e3 c6 6. Qc2 Bd6 7. Bd3 Ne4 8. a3 0-0 9. b3 Nd7 10. Bb2 Ndf6 11. 0-0 Qe8 12. Ne5 Qh5 13. f3 Nxc3 14. Bxc3 Bd7 15. Bb4 Bxb4 16. axb4 a6 17. Qe2 Kh8 18. b5 dxc4 19. bxc4 cxb5 20. cxb5 Bxb5 21. Bxb5 axb5 22. Rxa8 Rxa8 23. Qxb5 Qe8 24. Qxb7 Nd5 25. Nf7+ Kg8 26. Nd6 Qf8 27. Qd7 Qf6 28. Rc1 h6 29. Rc8+ Rxc8 30. Qxc8+ Kh7 31. Nc4 f4 32. Qa8 fxe3 1/2-1/2

[Event "Hessen-chB"]
[Site "Marburg"]
[Date "2006.04.14"]
[Round "6.3"]
[White "Kartmann, Juergen"]
[Black "Stein, Marco"]
[Result "1/2-1/2"]
[WhiteElo "2054"]
[BlackElo "2108"]
[PlyCount "49"]
[EventDate "2006.04.13"]
[EventType "swiss"]
[EventRounds "7"]
[EventCountry "GER"]
[SourceTitle "EXT 2007"]
[Source "ChessBase"]
[SourceDate "2006.11.23"]
[SourceVersion "1"]
[SourceVersionDate "2006.11.23"]
[SourceQuality "1"]

1. e4 c5 2. c3 d6 3. d4 Nf6 4. dxc5 Nc6 5. Qc2 dxc5 6. Nf3 Qc7 7. Be2 e5 8. 0-0 Be7 9. a4 0-0 10. h3 h6 11. Be3 Be6 12. Na3 a6 13. Bc4 Bxc4 14. Nxc4 b5 15. Ncd2 c4 16. axb5 axb5 17. b4 Nd7 18. Rfd1 Nb6 19. Nf1 Na4 20. Ng3 Rfd8 21. Nf5 Bf8 22. Rd2 Rxd2 23. Bxd2 Rd8 24. Ne3 Ne7 25. Rd1 1/2-1/2

[Event "Hessen-chB"]
[Site "Marburg"]
[Date "2006.04.13"]
[Round "1.9"]
[White "Stein, Marco"]
[Black "Schneider, Udo"]
[Result "1-0"]
[WhiteElo "2108"]
[BlackElo "1679"]
[PlyCount "67"]
[EventDate "2006.04.13"]
[EventType "swiss"]
[EventRounds "7"]
[EventCountry "GER"]
[SourceTitle "EXT 2007"]
[Source "ChessBase"]
[SourceDate "2006.11.23"]
[SourceVersion "1"]
[SourceVersionDate "2006.11.23"]
[SourceQuality "1"]

1. d4 Nf6 2. c4 g6 3. Nc3 d5 4. cxd5 Nxd5 5. e4 Nxc3 6. bxc3 Bg7 7. Bc4 c5 8. Ne2 Nc6 9. Be3 0-0 10. 0-0 Bg4 11. f3 Na5 12. Bd3 cxd4 13. cxd4 Be6 14. d5 Bxa1 15. Qxa1 Bd7 16. Bh6 f6 17. Rb1 Rf7 18. e5 fxe5 19. Qxe5 Qb8 20. Qc3 b6 21. Rc1 Qd6 22. Ng3 Qf6 23. Ba6 Qxc3 24. Rxc3 Bf5 25. Ne4 Rd8 26. g4 Bxe4 27. fxe4 Rf6 28. Bg5 Rf7 29. Bc8 Kg7 30. Be6 Rdf8 31. Bxf7 Kxf7 32. Rc7 Re8 33. d6 Ke6 34. Bxe7 1-0

[Event "Bad Zwesten op 10th"]
[Site "Bad Zwesten"]
[Date "2006.01.08"]
[Round "9"]
[White "Ringoir, Tanguy"]
[Black "Stein, Marco"]
[Result "1/2-1/2"]
[WhiteElo "1993"]
[BlackElo "2113"]
[PlyCount "38"]
[EventDate "2006.01.02"]
[EventType "swiss"]
[EventRounds "9"]
[EventCountry "GER"]
[SourceTitle "CBM 110 Extra"]
[Source "ChessBase"]
[SourceDate "2006.03.10"]
[SourceVersion "2"]
[SourceVersionDate "2006.03.10"]
[SourceQuality "1"]

1. e4 c5 2. Nc3 a6 3. Nf3 d6 4. d4 cxd4 5. Nxd4 Nf6 6. Bg5 e6 7. f4 b5 8. e5 dxe5 9. fxe5 Qc7 10. Qe2 Nfd7 11. 0-0-0 Bb7 12. h4 Nc5 13. Ndxb5 axb5 14. Rd8+ Qxd8 15. Bxd8 Kxd8 16. Qxb5 Kc7 17. Qe8 Nc6 18. Qxf7+ Kb6 19. Qf4 Nd7 1/2-1/2

[Event "Bad Zwesten op 10th"]
[Site "Bad Zwesten"]
[Date "2006.01.07"]
[Round "8"]
[White "Stein, Marco"]
[Black "Halt, David"]
[Result "1-0"]
[WhiteElo "2113"]
[BlackElo "1972"]
[PlyCount "131"]
[EventDate "2006.01.02"]
[EventType "swiss"]
[EventRounds "9"]
[EventCountry "GER"]
[SourceTitle "CBM 110 Extra"]
[Source "ChessBase"]
[SourceDate "2006.03.10"]
[SourceVersion "2"]
[SourceVersionDate "2006.03.10"]
[SourceQuality "1"]

1. d4 c5 2. d5 e6 3. c4 Nf6 4. Nc3 exd5 5. cxd5 d6 6. e4 g6 7. f4 Bg7 8. Nf3 0-0 9. Be2 a6 10. e5 dxe5 11. fxe5 Ng4 12. Bg5 Qa5 13. 0-0 Nxe5 14. Be7 Re8 15. d6 Nbc6 16. Nd5 Nxf3+ 17. Bxf3 Bd4+ 18. Kh1 Nxe7 19. Nxe7+ Rxe7 20. dxe7 Be6 21. Bxb7 Re8 22. Qe2 Rxe7 23. Bxa6 Bxb2 24. Qxb2 Qxa6 25. Qb8+ Qc8 26. Qxc8+ Bxc8 27. Rfc1 Rc7 28. a4 c4 29. Rc3 Be6 30. Kg1 Kf8 31. Kf2 Ke7 32. Ke3 Kd6 33. Kd4 Kc6 34. a5 Rd7+ 35. Ke3 Kb5 36. Rb1+ Ka6 37. Rb6+ Ka7 38. Ra3 h5 39. h4 Rd8 40. g3 Rd7 41. Rc6 Kb7 42. Rc5 Ka6 43. Ke4 Bf5+ 44. Ke5 Be6 45. Rc6+ Kb7 46. Rd6 Rc7 47. Kd4 Ka7 48. Re3 Rc8 49. Kc3 Rc5 50. a6 Ra5 51. Kb4 Rxa6 52. Rxa6+ Kxa6 53. Kc5 Kb7 54. Ra3 Kc7 55. Ra7+ Kb8 56. Kb6 Kc8 57. Kc6 Kb8 58. Rc7 Bd5+ 59. Kb6 Be6 60. Rc5 f6 61. Rc6 Bf5 62. Rxc4 g5 63. Rc6 Bh3 64. Rxf6 Kc8 65. hxg5 Kd7 66. g6 1-0

[Event "Bad Zwesten op 10th"]
[Site "Bad Zwesten"]
[Date "2006.01.05"]
[Round "5"]
[White "Kersten, Uwe"]
[Black "Stein, Marco"]
[Result "1-0"]
[WhiteElo "2323"]
[BlackElo "2113"]
[PlyCount "115"]
[EventDate "2006.01.02"]
[EventType "swiss"]
[EventRounds "9"]
[EventCountry "GER"]
[SourceTitle "CBM 110 Extra"]
[Source "ChessBase"]
[SourceDate "2006.03.10"]
[SourceVersion "2"]
[SourceVersionDate "2006.03.10"]
[SourceQuality "1"]

1. e4 c5 2. Nf3 d6 3. Bb5+ Bd7 4. Bxd7+ Nxd7 5. 0-0 Ngf6 6. Qe2 e6 7. d3 Be7 8. Ng5 0-0 9. f4 Qc7 10. Nd2 b5 11. f5 exf5 12. Rxf5 g6 13. Rf1 d5 14. exd5 Nxd5 15. Ne6 fxe6 16. Qxe6+ Kg7 17. Rxf8 Rxf8 18. Qxd5 Nf6 19. Qe6 Re8 20. Nf3 Bd8 21. Qh3 h5 22. Bd2 Re2 23. Re1 Qe7 24. Qg3 Nd5 25. Rxe2 Qxe2 26. Qe1 Qxe1+ 27. Nxe1 Bf6 28. c4 bxc4 29. dxc4 Bd4+ 30. Kf1 Nf6 31. Bc1 Ng4 32. h3 Ne5 33. b3 Kf6 34. Ke2 Kf5 35. Nf3 Ke4 36. Nd2+ Kf4 37. Nf1+ Kf5 38. Ng3+ Ke6 39. Ne4 Nd7 40. Bf4 Kf5 41. Kf3 Ne5+ 42. Bxe5 Kxe5 43. h4 a6 44. Ng3 Bc3 45. Ke3 Bd4+ 46. Kf3 Bc3 47. Ne2 Bd2 48. g3 a5 49. Ng1 Be1 50. Nh3 Bd2 51. Nf2 Kd4 52. Ne4 Bc1 53. Nf6 Ke5 54. Nd7+ Kd6 55. Nf8 g5 56. hxg5 Bxg5 57. Ng6 Ke6 58. Ke4 1-0

[Event "Bad Zwesten op 9th"]
[Site "Bad Zwesten"]
[Date "2005.01.06"]
[Round "7"]
[White "Poetsch, Hagen"]
[Black "Stein, Marco"]
[Result "1-0"]
[WhiteElo "1936"]
[BlackElo "2105"]
[PlyCount "83"]
[EventDate "2005.01.02"]
[EventType "swiss"]
[EventRounds "9"]
[EventCountry "GER"]
[SourceTitle "CBM 104 Extra"]
[Source "ChessBase"]
[SourceDate "2005.03.01"]
[SourceVersion "1"]
[SourceVersionDate "2005.03.01"]
[SourceQuality "1"]

1. e4 c5 2. Nf3 d6 3. d4 cxd4 4. Nxd4 Nf6 5. Nc3 g6 6. Be3 Bg7 7. f3 0-0 8. Bc4 Nc6 9. Qd2 Nd7 10. 0-0-0 Nb6 11. Bb3 Na5 12. Bg5 Nxb3+ 13. cxb3 a5 14. h4 a4 15. b4 a3 16. b3 d5 17. Nc2 Be6 18. exd5 Qc8 19. dxe6 Bxc3 20. Qe3 Bb2+ 21. Kb1 Qxe6 22. Qxe6 fxe6 23. Bxe7 Rfc8 24. Ne3 Re8 25. Bc5 Nd5 26. Nxd5 exd5 27. Rhe1 Rxe1 28. Rxe1 Rc8 29. Rd1 d4 30. Bd6 d3 31. Bc5 d2 32. Rxd2 b6 33. Rxb2 axb2 34. Bxb6 Re8 35. a4 Re1+ 36. Kxb2 Re2+ 37. Ka3 Rxg2 38. a5 Rg3 39. a6 Rxf3 40. a7 Rf8 41. Bc7 Ra8 42. Bb8 1-0

[Event "Bad Zwesten op 9th"]
[Site "Bad Zwesten"]
[Date "2005.01.05"]
[Round "6"]
[White "Stein, Marco"]
[Black "Behle, Karl Heinz"]
[Result "1/2-1/2"]
[WhiteElo "2105"]
[BlackElo "2001"]
[PlyCount "59"]
[EventDate "2005.01.02"]
[EventType "swiss"]
[EventRounds "9"]
[EventCountry "GER"]
[SourceTitle "CBM 104 Extra"]
[Source "ChessBase"]
[SourceDate "2005.03.01"]
[SourceVersion "1"]
[SourceVersionDate "2005.03.01"]
[SourceQuality "1"]

1. d4 Nf6 2. c4 g6 3. Nc3 Bg7 4. e4 d6 5. f3 0-0 6. Be3 c5 7. dxc5 dxc5 8. Qxd8 Rxd8 9. Bxc5 Nc6 10. Nd5 Nd7 11. Nxe7+ Nxe7 12. Bxe7 Bxb2 13. Rb1 Bc3+ 14. Kf2 Bd4+ 15. Kg3 Re8 16. Bd6 Nf6 17. h4 Rxe4 18. fxe4 Nxe4+ 19. Kh2 Nxd6 20. Nf3 Bc5 21. Bd3 Be6 22. Ng5 b6 23. Nxe6 fxe6 24. h5 Kg7 25. Rbe1 Re8 26. Re2 e5 27. g4 e4 28. Bc2 e3 29. hxg6 hxg6 30. Rc1 1/2-1/2

[Event "Bad Zwesten op 9th"]
[Site "Bad Zwesten"]
[Date "2005.01.04"]
[Round "4"]
[White "Stein, Marco"]
[Black "Armbrust, Florian"]
[Result "0-1"]
[WhiteElo "2105"]
[BlackElo "2260"]
[PlyCount "82"]
[EventDate "2005.01.02"]
[EventType "swiss"]
[EventRounds "9"]
[EventCountry "GER"]
[SourceTitle "CBM 104 Extra"]
[Source "ChessBase"]
[SourceDate "2005.03.01"]
[SourceVersion "1"]
[SourceVersionDate "2005.03.01"]
[SourceQuality "1"]

1. d4 Nf6 2. c4 g6 3. Nc3 Bg7 4. e4 d6 5. f3 0-0 6. Be3 b6 7. Qd2 c5 8. d5 Na6 9. Nge2 Nc7 10. Bh6 e6 11. h4 b5 12. Ng3 Bxh6 13. Qxh6 bxc4 14. 0-0-0 exd5 15. exd5 Ba6 16. Rh3 Qd7 17. h5 Rab8 18. Nge4 Nce8 19. Ng5 Qe7 20. f4 Bc8 21. Rg3 Bf5 22. Bxc4 Ng7 23. Rh1 Qb7 24. b3 Qb4 25. hxg6 Qa3+ 26. Kd1 fxg6 27. Ne6 Rf7 28. Ng5 Re7 29. Nxh7 Ng4 30. Nf6+ Nxf6 31. Qh8+ Kf7 32. Qxb8 Qb2 33. Bd3 Qxc3 34. Bxf5 Qa1+ 35. Kd2 Qxa2+ 36. Kc1 Nxf5 37. Rgh3 Qa1+ 38. Kc2 Nd4+ 39. Kd3 Qa6+ 40. Kc3 Nxd5+ 41. Kb2 Re2+ 0-1

[Event "Bad Zwesten op 8th"]
[Site "Bad Zwesten"]
[Date "2004.01.04"]
[Round "4"]
[White "Stein, Marco"]
[Black "Rafiee, Makan"]
[Result "1-0"]
[WhiteElo "2099"]
[BlackElo "1647"]
[PlyCount "41"]
[EventDate "2004.01.??"]
[EventType "swiss"]
[EventRounds "9"]
[EventCountry "GER"]
[SourceTitle "CBM 098 Extra"]
[Source "ChessBase"]
[SourceDate "2004.03.10"]
[SourceVersion "2"]
[SourceVersionDate "2004.03.10"]
[SourceQuality "1"]

1. d4 Nf6 2. c4 e5 3. dxe5 Ng4 4. e4 Nxe5 5. f4 Ng6 6. Be3 Bb4+ 7. Nd2 d6 8. Bd3 0-0 9. Ngf3 f5 10. Qc2 Qe7 11. 0-0-0 Nc6 12. Rde1 Qf6 13. a3 Ba5 14. g3 Bb6 15. h4 h5 16. Qd1 Nge7 17. e5 Qf7 18. c5 Kh8 19. cxb6 cxb6 20. Ng5 Qe8 21. e6 1-0